Statistics for NBA 2010s Top 10 Scorers Per Team

Click here to take the quiz!

General Stats

  • This quiz has been taken 72 times
  • The average score is 192 of 300

Answer Stats

Team Player PTS % Correct
CavaliersLeBron James10 126
100%
76ersJoel Embiid3 833
100%
HeatDwyane Wade11 634
98%
Trail BlazersDamian Lillard12 909
98%
WarriorsKlay Thompson11 995
98%
ThunderRussell Westbrook17 603
98%
SunsDevin Booker5 820
98%
KingsJason Thompson4 153
98%
HeatChris Bosh6 914
98%
ClippersBlake Griffin10 863
98%
RocketsJames Harden15 832
98%
CavaliersTristan Thompson5 155
98%
CavaliersKyrie Irving8 232
98%
WarriorsStephen Curry16 315
97%
BullsPau Gasol2 633
97%
SpursManu Ginobili6 999
97%
GrizzliesMarc Gasol10 709
97%
CelticsJeff Green3 252
97%
CelticsRay Allen3 280
97%
RaptorsKyle Lowry8 623
97%
CelticsKevin Garnett3 997
97%
RaptorsDeMar DeRozan13 296
97%
ThunderKevin Durant14 071
97%
GrizzliesJaMychal Green2 293
97%
MavericksDirk Nowitzki12 476
97%
ClippersChris Paul7 674
97%
SpursDanny Green4 715
97%
SpursTony Parker8 724
97%
WarriorsDraymond Green4 825
97%
WizardsJohn Wall10 789
97%
SpursTim Duncan7 250
97%
BucksJabari Parker2 794
97%
SpursKawhi Leonard6 654
97%
BucksGiannis Antetokounmpo8 745
97%
JazzDeron Williams2 548
97%
76ersLou Williams2 881
97%
HornetsMarvin Williams3 874
97%
PacersDavid West3 979
97%
CavaliersMo Williams1 907
97%
TimberwolvesKarl-Anthony Towns7 187
95%
KnicksCarmelo Anthony10 186
95%
HornetsKemba Walker12 009
95%
PacersPaul George8 090
95%
LakersKobe Bryant9 823
95%
GrizzliesTony Allen4 128
95%
WizardsBradley Beal9 684
95%
BullsJimmy Butler6 208
93%
76ersBen Simmons2 616
93%
NuggetsNikola Jokic5 006
93%
TimberwolvesAndrew Wiggins7 768
93%
PelicansAnthony Davis11 059
93%
Trail BlazersMeyers Leonard2 183
93%
Trail BlazersCJ McCollum7 328
93%
KingsDeMarcus Cousins9 894
92%
HawksJosh Smith5 109
92%
SpursLaMarcus Aldridge6 036
92%
CavaliersKevin Love5 017
92%
CavaliersJ.R. Smith2 628
92%
HawksAl Horford6 694
92%
CelticsPaul Pierce5 418
90%
MagicAaron Gordon4 249
90%
ClippersEric Gordon2 292
90%
76ersAndre Iguodala3 117
90%
PistonsBen Gordon2 424
90%
BullsDerrick Rose6 640
90%
GrizzliesMike Conley10 340
88%
CelticsIsaiah Thomas4 422
88%
NetsBrook Lopez9 376
88%
76ersJrue Holiday3 994
88%
BullsRobin Lopez2 299
88%
PistonsAndre Drummond7 661
88%
HawksJoe Johnson4 060
86%
HeatJames Johnson2 191
86%
RaptorsAmir Johnson3 957
86%
MagicDwight Howard4 400
86%
HeatTyler Johnson2 824
86%
PistonsReggie Jackson4 633
85%
BullsJoakim Noah4 300
85%
SunsSteve Nash3 211
85%
HornetsStephen Jackson2 758
85%
BucksKhris Middleton6 964
85%
ClippersDeAndre Jordan6 850
83%
MavericksDevin Harris2 705
83%
MagicTobias Harris3 193
83%
NuggetsJamal Murray3 530
83%
NuggetsGary Harris3 878
83%
NetsJoe Harris2 315
83%
JazzDonovan Mitchell3 445
81%
JazzRudy Gobert4 524
81%
HawksKyle Korver3 615
81%
MagicVictor Oladipo3 551
81%
MagicNikola Vučević8 128
81%
HawksPaul Millsap5 177
81%
RaptorsSerge Ibaka2 398
80%
ClippersJ.J. Redick4 208
80%
BucksEric Bledsoe2 507
80%
JazzGordon Hayward8 077
80%
76ersJJ Redick2 570
80%
GrizzliesVince Carter1 365
80%
HawksJeff Teague6 291
80%
SpursPatty Mills4 715
80%
LakersNick Young2 890
76%
76ersThaddeus Young5 323
76%
GrizzliesSam Young1 241
76%
KnicksKristaps Porzingis3 312
75%
CelticsRajon Rondo3 515
75%
TimberwolvesZach LaVine2 817
75%
GrizzliesZach Randolph9 261
75%
KnicksAmar'e Stoudemire4 411
73%
SunsGrant Hill2 467
73%
PacersGeorge Hill3 924
73%
HeatHassan Whiteside4 554
73%
HeatGoran Dragic4 723
71%
TimberwolvesRicky Rubio3 653
71%
LakersBrandon Ingram2 639
71%
RaptorsJonas Valanciunas5 524
71%
WizardsMarcin Gortat4 654
69%
RocketsClint Capela3 532
66%
BullsCarlos Boozer4 347
66%
MavericksMonta Ellis3 073
66%
ThunderSteven Adams4 507
66%
MavericksHarrison Barnes3 836
64%
NetsD'Angelo Russell2 455
64%
ClippersMatt Barnes2 211
64%
HeatMario Chalmers3 823
63%
Trail BlazersJusuf Nurkic2 561
59%
CelticsAvery Bradley5 008
59%
KingsBuddy Hield3 152
59%
MagicEvan Fournier5 317
59%
HornetsNicolas Batum3 649
59%
WizardsOtto Porter Jr.4 121
59%
Trail BlazersAndre Miller2 175
58%
TimberwolvesGorgui Dieng3 594
58%
PacersRoy Hibbert5 415
58%
MavericksShawn Marion4 170
58%
ClippersJamal Crawford5 675
58%
BucksBrandon Jennings5 019
58%
RaptorsPascal Siakam2 172
56%
KnicksTyson Chandler1 868
56%
76ersEvan Turner3 208
56%
WarriorsDavid Lee5 454
56%
KnicksWilson Chandler1 831
56%
HeatJosh Richardson3 134
56%
GrizzliesCourtney Lee1 828
56%
PacersMyles Turner3 604
56%
BullsLuol Deng5 163
54%
LakersJulius Randle3 219
54%
HawksDennis Schroder4 545
54%
NuggetsTy Lawson5 923
53%
NetsRondae Hollis-Jefferson2 315
53%
PelicansRyan Anderson3 702
53%
MavericksJason Terry3 523
53%
GrizzliesRudy Gay4 591
53%
LakersKyle Kuzma2 550
53%
RocketsTrevor Ariza4 863
53%
HeatUdonis Haslem2 107
53%
HornetsAl Jefferson3 238
53%
CelticsMarcus Smart3 174
51%
SunsP.J. Tucker3 032
51%
KnicksDanilo Gallinari1 985
51%
PacersDanny Granger4 547
51%
MagicJameer Nelson4 133
49%
LakersRon Artest3 197
49%
76ersRobert Covington3 821
49%
SunsMarkieff Morris3 940
49%
PistonsWill Bynum2 435
47%
LakersAndrew Bynum2 712
47%
HornetsMichael Kidd-Gilchrist3 690
47%
JazzJoe Ingles3 253
46%
JazzDerrick Favors6 967
46%
KingsTyreke Evans4 649
44%
BullsTaj Gibson5 280
44%
ClippersMontrezl Harrell2 197
44%
PacersLance Stephenson2 710
44%
PelicansEmeka Okafor1 975
42%
NetsBojan Bogdanovic2 370
42%
RocketsPatrick Beverley2 708
42%
ThunderNick Collison2 262
41%
PistonsTayshaun Prince3 252
41%
PacersDarren Collison3 368
41%
NuggetsWill Barton4 067
41%
MavericksWesley Matthews3 340
41%
HawksTaurean Prince2 235
41%
PistonsKentavious Caldwell-Pope3 665
39%
KnicksTim Hardaway3 504
39%
NuggetsKenneth Faried5 046
39%
SpursBoris Diaw2 438
39%
WarriorsShaun Livingston1 990
37%
ThunderEnes Kanter2 556
37%
BucksMalcolm Brogdon2 393
37%
HornetsCody Zeller2 969
37%
Trail BlazersAl-Farouq Aminu2 775
37%
NetsSpencer Dinwiddie2 582
37%
LakersJordan Clarkson3 904
36%
CavaliersDion Waiters2 352
36%
BullsKirk Hinrich2 439
36%
RaptorsTerrence Ross3 432
34%
RocketsKevin Martin3 068
34%
CavaliersAnderson Varejao2 438
34%
WizardsNenê2 941
32%
SunsTJ Warren3 754
32%
SpursMarco Belinelli2 308
32%
BucksErsan Ilyasova4 895
32%
MavericksDwight Powell2 482
32%
BucksBrandon Knight2 214
31%
BucksGreg Monroe2 195
31%
KnicksRaymond Felton2 501
31%
76ersElton Brand2 942
27%
SpursTiago Splitter2 576
27%
MagicElfrid Payton3 128
27%
RocketsAaron Brooks2 307
27%
MavericksJ.J. Barea4 350
27%
CavaliersAntawn Jamison2 523
27%
RaptorsAndrea Bargnani3 836
25%
JazzRodney Hood2 985
25%
HornetsJeremy Lamb3 424
25%
RocketsChandler Parsons3 002
25%
BullsNikola Mirotic2 774
24%
KingsWillie Cauley-Stein2 971
24%
Trail BlazersMaurice Harkless2 116
24%
TimberwolvesNikola Pekovic3 405
22%
PelicansE'Twaun Moore2 355
22%
ThunderJerami Grant2 193
22%
SunsChanning Frye3 464
22%
RaptorsPatrick Patterson2 073
20%
ClippersAustin Rivers2 693
20%
BucksJohn Henson3 162
20%
SunsJared Dudley3 811
20%
GrizzliesO.J. Mayo3 068
19%
RocketsLuis Scola3 706
19%
RaptorsJosé Calderon2 423
19%
HornetsGerald Henderson4 701
19%
CelticsBrandon Bass3 216
17%
MagicArron Afflalo2 566
15%
TimberwolvesCorey Brewer2 798
15%
HornetsFrank Kaminsky2 758
14%
KingsBen McLemore2 817
14%
HawksKent Bazemore3 678
14%
PistonsRodney Stuckey4 997
14%
WarriorsDorell Wright1 973
12%
NetsKris Humphries2 327
8%
JazzAlec Burks3 671
7%
KingsMarcus Thornton2 825
5%
TimberwolvesLuke Ridnour2 418
3%
KingsOmri Casspi2 937
3%
CavaliersAlonzo Gee2 062
2%
PelicansGreivis Vásquez1 672
2%
WizardsAndray Blatche2 440
2%
PistonsCharlie Villanueva2 421
0%
WizardsKevin Seraphin2 097
0%

Score Distribution

Percentile by Number Answered

Percent of People with Each Score

Your Score History

You have not taken this quiz